La pollution des eaux marines

Gespeichert in:
Bibliographische Detailangaben
1. Verfasser: Péres, J. M (VerfasserIn)
Format: Buch
Sprache:Französisch
Veröffentlicht: París Gauthier-Villars 1976
Schriftenreihe:Geobiologie ecologie amenagement
Schlagworte:
Tags: Tag hinzufügen
Keine Tags, Fügen Sie den ersten Tag hinzu!

MARC

LEADER 00000nam a2200000 a 4500
001 UCY2285
003 CL-VaPUC
008 941019e19760000FR |||||||||||||||||fre|d
082 0 4 |a 363.7394  |b PER  |2 21 
100 0 |a Péres, J. M  |e author  |9 330340 
245 1 3 |a La pollution des eaux marines 
300 |a 255 p 
942 |c BK 
945 |d 19941019 00:00:00  |a mfernand 
260 |a París  |b Gauthier-Villars  |c 1976 
650 7 |a CONTAMINACION MARINA  |2 CL-VaPUC  |9 330341 
583 |a last modification  |c 19941019 00:00:00  |k Rodrigo Vera 
490 0 |a Geobiologie ecologie amenagement 
999 |c 230738  |d 230736 
952 |0 0  |1 0  |2 ddc  |4 0  |6 363_739400000000000_PER_1976  |7 0  |8 CCM  |9 233240  |a BIBCUR  |b BIBCUR  |c PAC  |d 2019-11-15  |i 3056767  |o 363.7394 PER 1976  |p 3056767  |r 2025-04-22  |w 2019-11-15  |y BK  |k CIM